000 02214nam a2200457 i 4500
003 DO-SdBNP
005 20250403154010.0
006 a||||gr|||| 00| 0
007 ta
008 240515t2023 dr ac||| |||| 00| 0 spa d
020 _a9789945629309
040 _aDO-SdBNP
_bspa
_cBNPHU
_erda
082 4 _a759.7293
_bT649a
_222
100 1 _aTolentino, Marianne de,
_d1951-
_973333
_eautor
_4aut.
245 1 0 _aAquiles Azar :
_bartista absoluto /
_cMarianne de Tolentino ; editores, José Alcántara Almánzar y Elvis Francis Soto ; ilustraciones de interior, Aquiles Azar, Aquiles Azar Billini, José Ignacio Azar Billini, Octavio Azar Féliz; fotos de interior, Mariano Hernández.
250 _aPrimera edición
264 4 _aSanto Domingo :
_bBanco Central de la República Dominicana,
_c©2023
300 _a177 páginas :
_bilustraciones, retratos ;
_c30 cm.
336 _atexto
_btxt
_2rdacontenr
337 _asin mediación
_bn
_2rdamedia
338 _avolumen
_bnc
_2rdacarrier
490 1 _aColección del Banco Central de la República Dominicana ;
_v303
_aSerie Arte y literatura :
_x114
500 _aIncluye datos biográficos del autor en las solapas
500 _aIncluye índice onomástico
504 _aBibliografía: p. 162
590 _aInventariado 2024 / MF
600 1 0 _aAzar García, Aquiles,
_d1932-2015
_96476
_xCrítica e interpretación
650 7 _aPinturas dominicanas
_xCrítica e interpretación
_979017
650 7 _aArtistas dominicanos
_xCrítica e interpretación
_986764
650 7 _aDibujos dominicanos
_986765
_xCrítica e interpretación
700 1 _aAlcántara Almánzar, José
_d1946-
_eeditor
_4ed.
_97018
700 1 _aSoto, Elvis Francis
_939156
_eeditor
_4ed.
700 1 _aAzar García, Aquiles,
_d1932
_96476
_eilustador
_4il.
700 1 _aAquile Azar Billini,
_eilustrador
_985473
_4il.
700 1 _aAzar Billini, José Ignacio,
_eilustrador
_985474
_4il.
700 1 _aAzar Féliz, Octavio,
_eilustrador
_985475
_4il.
700 1 _aHernández, Mariano
_959875
_efotográfo
_4fot.
830 0 _aBanco Central de la República Dominicana ; Volumen 303
_pSerie Arte y literatura ;
_n114
_985476
910 _aValidado. Control de calidad MFF
942 _2ddc
_cLBS1
999 _c56670
_d56670